000 00291nam a2200109Ia 4500
001 588978
005 20250717120840.0
008 250717s9999 xx 000 0 und d
245 0 _aU-9 İBNİ HEYSEM
_cAYŞEGÜL SÖZEN DAĞ
260 _bTÜRKİYE DİYANET VAKFI YAYINLARI
_c2020
300 _b40
999 _c588978
_d588978